Loading...
| Science - Other | 0 | 3 | 1 | 1 | 25 | 35 | 60.00 | 0 | 3 | 14.99 | 20.56 |
| Social Science | 0 | 1 | 0 | 0 | 10 | 79 | 79.00 | 0 | 0 | 4.47 | 5.71 |
| Philosophy | 0 | 1 | 0 | 0 | 10 | 88 | 88.00 | 0 | 1 | 2.29 | 10.00 |
| Religion | 0 | 1 | 0 | 1 | 10 | 114 | 114.00 | 0 | 1 | 0.00 | 2.22 |
| Science - Physics | 0 | 1 | 0 | 1 | 10 | 99 | 99.00 | 0 | 0 | 0.53 | 4.44 |
| Current Events | 0 | 1 | 0 | 0 | 10 | 46 | 46.00 | 0 | 0 | 11.32 | 8.00 |
| History - World | 0 | 1 | 0 | 1 | 10 | 108 | 108.00 | 0 | 0 | 0.00 | 2.22 |
| Literature - British | 0 | 1 | 0 | 1 | 10 | 115 | 115.00 | 0 | 1 | 0.00 | 2.22 |
| Literature - European | 0 | 1 | 0 | 1 | 10 | 125 | 125.00 | 0 | 0 | 0.00 | 2.22 |
| Literature - World | 0 | 1 | 0 | 0 | 10 | 63 | 63.00 | 0 | 1 | 5.02 | 6.67 |
| Mythology | 0 | 1 | 0 | 0 | 10 | 113 | 113.00 | 0 | 0 | 0.00 | 4.44 |
| Fine Arts - Other | 0 | 1 | 1 | 1 | 5 | 123 | 123.00 | 0 | 0 | 0.26 | 4.44 |
| Geography | 0 | 1 | 1 | 1 | 5 | 117 | 117.00 | 0 | 0 | 0.17 | 4.00 |
| Fine Arts - Classical Music | 0 | 0 | 0 | 0 | 0 | 0.00 | 0 | 0 | 0.00 | 0.00 | |
| History - American | 0 | 0 | 1 | 0 | -5 | 0.00 | 0 | 0 | 0.00 | 0.00 |